The Environment and International Relations / (Record no. 12896)
[ view plain ]
| 000 -LEADER | |
|---|---|
| fixed length control field | 02215cam a2200361 a 4500 |
| 001 - CONTROL NUMBER | |
| control field | 15461182 |
| 005 - DATE AND TIME OF LATEST TRANSACTION | |
| control field | 20090623100858.0 |
| 008 - FIXED-LENGTH DATA ELEMENTS--GENERAL INFORMATION | |
| fixed length control field | 080923s2009 enk b 001 0 eng |
| 010 ## - LIBRARY OF CONGRESS CONTROL NUMBER | |
| LC control number | 2008041684 |
| 015 ## - NATIONAL BIBLIOGRAPHY NUMBER | |
| National bibliography number | GBA8C1271 |
| Source | bnb |
| 016 7# - NATIONAL BIBLIOGRAPHIC AGENCY CONTROL NUMBER | |
| Record control number | 014782868 |
| Source | Uk |
| 020 ## - INTERNATIONAL STANDARD BOOK NUMBER | |
| International Standard Book Number | 9780521842167 (hbk) |
| 035 ## - SYSTEM CONTROL NUMBER | |
| System control number | (OCoLC)ocn237884517 |
| 035 ## - SYSTEM CONTROL NUMBER | |
| System control number | (OCoLC)237884517 |
| Canceled/invalid control number | (OCoLC)255423579 |
| 040 ## - CATALOGING SOURCE | |
| Original cataloging agency | DLC |
| Transcribing agency | DLC |
| Modifying agency | BTCTA |
| -- | BAKER |
| -- | YDXCP |
| -- | UKM |
| -- | BWKUK |
| -- | BWK |
| -- | BWX |
| -- | NLGGC |
| -- | DLC |
| 050 00 - LIBRARY OF CONGRESS CALL NUMBER | |
| Classification number | GE170 |
| Item number | .O54 2009 |
| 082 00 - DEWEY DECIMAL CLASSIFICATION NUMBER | |
| Classification number | 363.70526 |
| Edition number | 22 |
| Item number | ONE |
| 100 1# - MAIN ENTRY--PERSONAL NAME | |
| Personal name | O'Neill, Kate, |
| Dates associated with a name | 1968- |
| 9 (RLIN) | 9301 |
| 245 14 - TITLE STATEMENT | |
| Title | The Environment and International Relations / |
| Statement of responsibility, etc | Kate O'Neill. |
| 260 ## - PUBLICATION, DISTRIBUTION, ETC. (IMPRINT) | |
| Place of publication, distribution, etc | Cambridge, UK ; |
| -- | New York : |
| Name of publisher, distributor, etc | Cambridge University Press, |
| Date of publication, distribution, etc | 2009. |
| 300 ## - PHYSICAL DESCRIPTION | |
| Extent | xiii, 250 p. ; |
| Dimensions | 24 cm. |
| 440 #0 - | |
| -- | Themes in international relations |
| -- | 9302 |
| 504 ## - BIBLIOGRAPHY, ETC. NOTE | |
| Bibliography, etc | Includes bibliographical references (p. 212-241) and index. |
| 505 0# - FORMATTED CONTENTS NOTE | |
| Formatted contents note | Introduction : the environment and international relations -- International environmental problems -- Actors in international environmental politics -- State-led global environmental governance : international cooperation and regime formation -- The impacts and effectiveness of environmental treaty regimes -- Global economic governance and the environment -- Non-state global environmental governance -- Conclusions : the environment and international relations in the twenty-first century. |
| 650 #0 - SUBJECT ADDED ENTRY--TOPICAL TERM | |
| Topical term or geographic name as entry element | Environmental policy. |
| 9 (RLIN) | 9303 |
| 650 #0 - SUBJECT ADDED ENTRY--TOPICAL TERM | |
| Topical term or geographic name as entry element | International relations. |
| 9 (RLIN) | 9304 |
| 856 42 - ELECTRONIC LOCATION AND ACCESS | |
| Materials specified | Contributor biographical information |
| Uniform Resource Identifier | <a href="http://www.loc.gov/catdir/enhancements/fy0901/2008041684-b.html">http://www.loc.gov/catdir/enhancements/fy0901/2008041684-b.html</a> |
| 856 42 - ELECTRONIC LOCATION AND ACCESS | |
| Materials specified | Publisher description |
| Uniform Resource Identifier | <a href="http://www.loc.gov/catdir/enhancements/fy0901/2008041684-d.html">http://www.loc.gov/catdir/enhancements/fy0901/2008041684-d.html</a> |
| 856 41 - ELECTRONIC LOCATION AND ACCESS | |
| Materials specified | Table of contents only |
| Uniform Resource Identifier | <a href="http://www.loc.gov/catdir/enhancements/fy0901/2008041684-t.html">http://www.loc.gov/catdir/enhancements/fy0901/2008041684-t.html</a> |
| 942 ## - ADDED ENTRY ELEMENTS (KOHA) | |
| Source of classification or shelving scheme | Dewey Decimal Classification |
| Item type | Book - Borrowing |
| Withdrawn status | Item status | Source of classification or shelving scheme | Damaged status | Not for loan | Vendor | Home library | Current library | Shelving location | Date acquired | Cost, normal purchase price | Total Checkouts | Total Renewals | Full call number | Barcode | Date last seen | Date last borrowed | Cost, replacement price | Koha item type |
|---|---|---|---|---|---|---|---|---|---|---|---|---|---|---|---|---|---|---|
| Dewey Decimal Classification | Baccah | Central Library | Central Library | First floor | 12/11/2009 | 150.00 | 3 | 15 | 363.70526 ONE | 000018937 | 07/12/2025 | 25/02/2025 | 4375.00 | Book - Borrowing |